Statistiken für Süddlicher Wendekreis Länder

Klicken Sie hier um das Quiz zu spielen!

Allgemein

  • Dieses Quiz wurde 82 mal gespielt
  • Das Durchschnittsergebnis liegt bei 9 aus 10

Antwortstatistiken

Land% Korrekt
Chile
100%
Argentinien
96%
Australien
93%
Südafrika
91%
Brasilien
84%
Mosambik
84%
Namibia
84%
Botswana
82%
Madagaskar
79%
Paraguay
67%

Verteilung der Resultate

Perzentil nach korrekt beantworteten Fragen

Anzahl Personen mit jedem Resultat

Ihre Resultats-Entwicklung

Sie haben dieses Quiz noch nicht gespielt